000 00300nam a2200121Ia 4500
008 191201s2012 xx 000 0 und d
100 _aBANSAL,Rashmi
245 0 _aConnect the dots
260 _aN. delhi
_bChennai Westland LTD
_c2012
300 _a335
650 _aGeneral Books
942 _2ddc
_cBK
_087
999 _c6683
_d6683